00336nam a22001337a 450000500170000000800410001702000220005804100080008008200150008810000210010324500250012426000450014930000080019420180607115825.0160429b xxu||||| |||| 00| 0 eng d a978-81-203-3562-2 aeng b00930a657 aNarayan swamy R. aFinancial Accounting aNew DelhibPHI learning Pvt. Ltd. c2008 a699